| 000 | 00643nam a2200229 a 4500 | ||
|---|---|---|---|
| 001 | 2773 | ||
| 003 | CDMR | ||
| 005 | 20131128181655.0 | ||
| 008 | 130130s1981||||||||||||||||||||||||||||d | ||
| 020 | _a8437600847 | ||
| 040 |
_aCDMR _bcat _cCDMR |
||
| 100 | 1 |
_aRamírez, Juan Antonio _92090 |
|
| 245 | 1 | 0 |
_aMedios de masas e historia del arte _cJuan Antonio Ramírez |
| 250 | _a2a ed. | ||
| 260 |
_aMadrid _c1981 _bCátedra |
||
| 300 | _a317 p. | ||
| 490 | 0 | _aCuadernos Arte Cátedra | |
| 650 | 0 | 4 |
_92795 _aMitjans de comunicació de massa i cultura |
| 650 | 0 | 4 |
_94138 _aArts gràfiques |
| 650 | 0 | 4 |
_93737 _aComunicació visual |
| 942 |
_cMON _2udc |
||
| 999 |
_c2773 _d2773 |
||